| 000 | 00649nam a2200145 a 4500 | ||
|---|---|---|---|
| 008 | 100827s2010 ||||||||||||||||| || u | ||
| 050 | _aACU(02)2010/1 | ||
| 110 | _aThe Association of Commonwealth Universities (ACU) | ||
| 245 | 1 | 0 | _aReport on the third conference of the international network of research management societies (INORMS) |
| 260 |
_aCape Town _bAssociation of Commonwealth Universities (ACU) _c2010 |
||
| 300 | _a28p. | ||
| 350 | _a0.00 | ||
| 650 | _aINNOVATION--RESEARCH | ||
| 995 |
_D0.00 _FCBU-MAIN LIBRARY (Kitwe) _H1 _I0.00 _M1 _UAVAILABLE _WSep 1, 2010 _ZInternational Publications |
||
| 999 |
_c56232 _d56232 |
||